MARC

LEADER 00000nam0a2200000 4500
001 291523
005 20231102000410.0
020 |a RU  |b 83-58361 
035 |a (RuTPU)RU\TPU\book\316101 
090 |a 291523 
100 |a 20150415d1983 km y0rusy5003 ca 
101 0 |a rus 
102 |a RU 
105 |a a z 001zy 
200 1 |a Тиристорная преобразовательная техника в цветной металлургии  |f А. Д. Никулин [и др.] 
210 |a Москва  |c Металлургия  |d 1983 
215 |a 127 с.  |c ил. 
225 1 |a Экономия топлива и электроэнергии 
300 |a Авт. указаны на обороте тит. л. 
320 |a Библиогр.: с. 124-125 
606 1 |a Цветная металлургия  |x Предприятия  |x Оборудование  |x Ремонт  |2 stltpush  |3 (RuTPU)RU\TPU\subj\17796  |9 43361 
610 1 |a преобразователи полупроводниковые 
610 1 |a передовые технологии 
610 1 |a тиристорные преобразователи 
610 1 |a внедрение 
610 1 |a электролизные установки 
610 1 |a применение 
610 1 |a электроприводы постоянного тока 
610 1 |a модернизация 
610 1 |a электроприводы переменного тока 
610 1 |a надежность 
610 1 |a экономичность 
610 1 |a электроснабжение 
675 |a 669.2:658.5  |z rus  |v 3 
701 1 |a Никулин  |b А. Д. 
701 1 |a Родштейн  |b Л. С. 
701 1 |a Сальников  |b В. Г. 
701 1 |a Бобков  |b В. А. 
801 0 |a RU  |b RuMRKP  |c 19950704  |g psbo 
801 1 |a RU  |b 63413507  |c 20150415 
801 2 |a RU  |b 63413507  |c 20181015  |g RCR 
942 |c BK